The new OPL sourcebook : (Record no. 140934)
[ view plain ]
| 000 -LEADER | |
|---|---|
| fixed length control field | 02509nam a2200421 i 4500 |
| 001 - CONTROL NUMBER | |
| control field | ebr10520569 |
| 003 - CONTROL NUMBER IDENTIFIER | |
| control field | CaPaEBR |
| 006 - FIXED-LENGTH DATA ELEMENTS--ADDITIONAL MATERIAL CHARACTERISTICS--GENERAL INFORMATION | |
| fixed length control field | m o d |
| 007 - PHYSICAL DESCRIPTION FIXED FIELD--GENERAL INFORMATION | |
| fixed length control field | cr cn||||||||| |
| 008 - FIXED-LENGTH DATA ELEMENTS--GENERAL INFORMATION | |
| fixed length control field | 051118t20062006nju ob 001 0 eng|d |
| 020 ## - INTERNATIONAL STANDARD BOOK NUMBER | |
| Cancelled/invalid ISBN | 1573872415 |
| Cancelled/invalid ISBN | 9781573872416 |
| International Standard Book Number | 9781573879613 (e-book) |
| 040 ## - CATALOGING SOURCE | |
| Original cataloging agency | CaPaEBR |
| Language of cataloging | eng |
| Description conventions | rda |
| -- | pn |
| Transcribing agency | CaPaEBR |
| 035 ## - SYSTEM CONTROL NUMBER | |
| System control number | (OCoLC)891395049 |
| 050 14 - LIBRARY OF CONGRESS CALL NUMBER | |
| Classification number | Z675.S57 |
| Item number | S54 2006eb |
| 082 04 - DEWEY DECIMAL CLASSIFICATION NUMBER | |
| Classification number | 025.1/97 |
| Edition number | 22 |
| 100 1# - MAIN ENTRY--PERSONAL NAME | |
| Personal name | Siess, Judith A., |
| Relator term | author. |
| 245 14 - TITLE STATEMENT | |
| Title | The new OPL sourcebook : |
| Remainder of title | a guide for solo and small libraries / |
| Statement of responsibility, etc | Judith A. Siess. |
| 264 #1 - PRODUCTION, PUBLICATION, DISTRIBUTION, MANUFACTURE, AND COPYRIGHT NOTICE | |
| Place of production, publication, distribution, manufacture | Medford, New Jersey : |
| Name of producer, publisher, distributor, manufacturer | Information Today, |
| Date of production, publication, distribution, manufacture, or copyright notice | [2006] |
| Date of production, publication, distribution, manufacture, or copyright notice | �2006 |
| 300 ## - PHYSICAL DESCRIPTION | |
| Extent | 1 online resource (457 pages) |
| 336 ## - CONTENT TYPE | |
| Content type term | text |
| Source | rdacontent |
| 337 ## - MEDIA TYPE | |
| Media type term | computer |
| Source | rdamedia |
| 338 ## - CARRIER TYPE | |
| Carrier type term | online resource |
| Source | rdacarrier |
| 500 ## - GENERAL NOTE | |
| General note | Revised edition of: The OPL sourcebook. 2001. |
| 504 ## - BIBLIOGRAPHY, ETC. NOTE | |
| Bibliography, etc | Includes bibliographical references (pages 399-413) and index. |
| 505 0# - FORMATTED CONTENTS NOTE | |
| Formatted contents note | What is an OPL? -- Management : general concepts -- Time management, planning, and prioritization -- Financial matters -- Communication, marketing, and advocacy -- Along the information superhighway : the OPL and technology -- Other issues : education, downsizing and outsourcing, and knowledge management -- The future of one-person librarianship -- Business, management, and economics -- Computers and the Web -- Government -- Journalism and news -- Language, literature, and the arts -- Law, legal libraries, and copyright -- Libraryland stuff -- Medicine, health, nursing, and medical libraries -- Science, engineering, and technology -- Social sciences -- Miscellaneous -- Bibliography and sources cited. |
| 588 ## - SOURCE OF DESCRIPTION NOTE | |
| Source of description note | Description based on print version record. |
| 590 ## - LOCAL NOTE (RLIN) | |
| Local note | Electronic reproduction. Palo Alto, Calif. : ebrary, 2014. Available via World Wide Web. Access may be limited to ebrary affiliated libraries. |
| 650 #0 - SUBJECT ADDED ENTRY--TOPICAL TERM | |
| Topical term or geographic name as entry element | Small libraries |
| General subdivision | Administration. |
| Topical term or geographic name as entry element | Special libraries |
| General subdivision | Administration. |
| 655 #0 - INDEX TERM--GENRE/FORM | |
| Genre/form data or focus term | Electronic books. |
| 700 1# - ADDED ENTRY--PERSONAL NAME | |
| Personal name | Siess, Judith A. |
| Title of a work | OPL sourcebook. |
| 776 08 - ADDITIONAL PHYSICAL FORM ENTRY | |
| Display text | Print version: |
| Main entry heading | Siess, Judith A. |
| Title | New OPL sourcebook : a guide for solo and small libraries. |
| Place, publisher, and date of publication | Medford, New Jersey : Information Today, [2006] |
| Physical description | xxiii, 427 pages ; 23 cm |
| International Standard Book Number | 9781573872416 |
| Record control number | (OCoLC)ocm62330736 |
| -- | (DLC)10520569 |
| 797 2# - LOCAL ADDED ENTRY--CORPORATE NAME (RLIN) | |
| Corporate name or jurisdiction name as entry element | ebrary. |
| 856 40 - ELECTRONIC LOCATION AND ACCESS | |
| Uniform Resource Identifier | <a href="http://site.ebrary.com/lib/rucke/Doc?id=10520569">http://site.ebrary.com/lib/rucke/Doc?id=10520569</a> |
| Public note | An electronic book accessible through the World Wide Web; click to view |
No items available.
